MARC details
| 000 -LEADER |
| fixed length control field |
03565naa a2200433Ia 4500 |
| 003 - CONTROL NUMBER IDENTIFIER |
| control field |
OSt |
| 005 - DATE AND TIME OF LATEST TRANSACTION |
| control field |
20260604093128.0 |
| 008 - FIXED-LENGTH DATA ELEMENTS--GENERAL INFORMATION |
| fixed length control field |
260604s2017 xx 000 0 und d |
| 040 ## - CATALOGING SOURCE |
| Language of cataloging |
eng |
| Transcribing agency |
Foundation University |
| 050 ## - LIBRARY OF CONGRESS CALL NUMBER |
| Classification number |
GS (MAED-GenSci-Th) LG 221 D35 G73 |
| Item number |
A5 E38 G46 2010 R34 |
| 099 ## - LOCAL FREE-TEXT CALL NUMBER (OCLC) |
| Classification number |
1515 |
| 100 ## - MAIN ENTRY--PERSONAL NAME |
| Personal name |
Ragpa, Rizalene V., |
| 9 (RLIN) |
3222 |
| Relator term |
author. |
| 245 10 - TITLE STATEMENT |
| Title |
Reproductive health-seeking behaviors of Foundation University college graduating students / |
| Statement of responsibility, etc. |
by Rizalene V. Ragpa. |
| 260 ## - PUBLICATION, DISTRIBUTION, ETC. |
| Place of publication, distribution, etc. |
Dumaguete City : |
| Name of publisher, distributor, etc. |
Foundation University, |
| Date of publication, distribution, etc. |
2010. |
| 264 ## - PRODUCTION, PUBLICATION, DISTRIBUTION, MANUFACTURE, AND COPYRIGHT NOTICE |
| Date of production, publication, distribution, manufacture, copy right date |
2010. |
| Copyright Date |
2010. |
| 300 ## - PHYSICAL DESCRIPTION |
| Extent |
xiv, 103 leaves : |
| Other physical details |
ill. (col.) ; |
| Dimensions |
28 cm |
| Materials specified |
volume |
| Type of unit |
resources |
| 336 ## - CONTENT TYPE |
| Source |
rdacontent |
| Content type term |
text |
| Content type code |
txt |
| 337 ## - MEDIA TYPE |
| Source |
rdamedia |
| Media type term |
unmediated |
| Media type code |
n |
| 338 ## - CARRIER TYPE |
| Materials specified |
GS (MAED-GenSci-Th) |
| Carrier type term |
volume |
| Carrier type code |
nc |
| Source |
rdacarrier |
| 490 ## - SERIES STATEMENT |
| Series statement |
GS (MAED-GenSci-Th) |
| 502 ## - DISSERTATION, THESIS NOTE |
| Dissertation note |
Graduate thesis (Education Major in General Science, Master of Arts in) -- Foundation University, 2010. |
| 504 ## - BIBLIOGRAPHY, ETC. NOTE |
| Bibliography, etc. note |
Includes bibliographical references and appendices |
| 520 ## - ABSTRACT. |
| Abstract |
Abstract<br/>The study aimed to determine the reproductive health seeking<br/>behaviours of Foundation University college graduating students for the<br/>academic year 2008-2009. One hundred ninety-eight respondents were chosen<br/>randomly and the primary instrument used in the study was a self-administered<br/>questionnaire. The statistical tools utilized to get the desired results were<br/>percentage, weighted mean, t-test and chi-square.<br/>The result revealed that majority of the respondents were female, single,<br/>Catholic and came from urban places. They rarely experienced reproductive<br/>health problems, although the common but rare problems cited were rashes in<br/>the male and female genitalia. The respondents rarely took action on the<br/>identifed problems. However, they were motivated by factors such as the desire<br/>to stay healthy and the fear of having AIDS. There is stilla little stigma attached<br/>to reproductive health problems but most of them were moderately aware of the<br/>existing reproductive health issues like Premarital Sex and Unplanned Pregnancy. In testing for the significant difference between the respondents<br/>awareness on the common health issues when they are grouped according to<br/>gender, marital status, religion and place of origin, the study revealed that there<br/>was no Significant difference between their perceptions on the said issues based<br/>on said socio-demographic profile. However, there was a significant relationship<br/>between the respondent awareness on the common health issues and the<br/>reproductive health problems they experienced. |
| 650 ## - SUBJECT ADDED ENTRY--TOPICAL TERM |
| Topical term or geographic name entry element |
Reproductive health |
| Geographic subdivision |
Philippines. |
| 9 (RLIN) |
17144 |
| 650 ## - SUBJECT ADDED ENTRY--TOPICAL TERM |
| Topical term or geographic name entry element |
Health behavior |
| Geographic subdivision |
Philippines. |
| 9 (RLIN) |
17145 |
| 650 ## - SUBJECT ADDED ENTRY--TOPICAL TERM |
| Topical term or geographic name entry element |
College students |
| General subdivision |
Health and hygiene |
| Geographic subdivision |
Philippines. |
| 9 (RLIN) |
17146 |
| 650 ## - SUBJECT ADDED ENTRY--TOPICAL TERM |
| Topical term or geographic name entry element |
Health education |
| Geographic subdivision |
Philippines. |
| 9 (RLIN) |
17147 |
| 650 ## - SUBJECT ADDED ENTRY--TOPICAL TERM |
| Topical term or geographic name entry element |
Health services accessibility |
| Geographic subdivision |
Philippines. |
| 9 (RLIN) |
17148 |
| 650 ## - SUBJECT ADDED ENTRY--TOPICAL TERM |
| Topical term or geographic name entry element |
Youth |
| General subdivision |
Health and hygiene |
| Geographic subdivision |
Philippines. |
| 9 (RLIN) |
17149 |
| 650 ## - SUBJECT ADDED ENTRY--TOPICAL TERM |
| Topical term or geographic name entry element |
University students |
| Geographic subdivision |
Philippines. |
| 9 (RLIN) |
17150 |
| 658 ## - INDEX TERM--CURRICULUM OBJECTIVE |
| Main curriculum objective |
Thesis Writing 2 (Pre/Final Oral Defense) : |
| Subordinate curriculum objective |
Education Major in General Science, Master of Arts in ; |
| Curriculum code |
MA 101. |
| 690 ## - LOCAL SUBJECT ADDED ENTRY--TOPICAL TERM (OCLC, RLIN) |
| Source of heading or term |
FU |
| Topical term or geographic name as entry element |
academic performance |
| 9 (RLIN) |
1773 |
| 690 ## - LOCAL SUBJECT ADDED ENTRY--TOPICAL TERM (OCLC, RLIN) |
| Source of heading or term |
FU |
| Topical term or geographic name as entry element |
computer interactive simulato |
| 9 (RLIN) |
14589 |
| 690 ## - LOCAL SUBJECT ADDED ENTRY--TOPICAL TERM (OCLC, RLIN) |
| Source of heading or term |
FU |
| Topical term or geographic name as entry element |
conventional teaching method |
| 9 (RLIN) |
14590 |
| 690 ## - LOCAL SUBJECT ADDED ENTRY--TOPICAL TERM (OCLC, RLIN) |
| Source of heading or term |
FU |
| Topical term or geographic name as entry element |
enzyme |
| 9 (RLIN) |
14591 |
| 690 ## - LOCAL SUBJECT ADDED ENTRY--TOPICAL TERM (OCLC, RLIN) |
| Source of heading or term |
FU |
| Topical term or geographic name as entry element |
localized instructional material |
| 9 (RLIN) |
14592 |
| 900 #0 - CIA (Compiler, Indexer, Abstractor) |
| Relator code |
Sapalaran, James O., cataloger |
| 942 ## - ADDED ENTRY ELEMENTS (KOHA) |
| Source of classification or shelving scheme |
Library of Congress Classification |
| Koha item type |
Thesis |
| Classification part |
LG 221 D35 G73 |
| Item part |
A5 E38 G46 2010 R34 |
| Call number prefix |
GS (MAED-GenSci-Th) |